000 01919nam a22003017a 4500
003 OSt
005 20260414092437.0
008 260414t2013 xxu||||| |||| 00| 0 spa d
020 _a9789587492453
040 _aUnicoc
_bspa
_c00001
_d00001
082 _a342.066
100 _99594
_aArias García, Fernando
245 _aEstudios de derecho procesal administrativo
_b: Ley 1437 de 2011 y código general del proceso
_c/ Fernando Arias García
250 _a1 Ed.
260 _aBogotá :
_bUniversidad Santo Tomás ,
_bGrupo Editorial Ibañez ,
_c2013.
300 _a472 páginas
500 _aIncluye Bibliografía
505 _tCapítulo I: estudio preliminar medios de control contencioso-administrativo. --
_tCapítulo II: El procedimiento administrativo en la ley 1437 de 2011. --
_tCapítulo III: La estructura del proceso contencioso administrativo en la ley 1437 de 2011 y descongestión de la jurisdicción contenciosa administrativa. --
_tCapítulo IV: Poderes probatorios del juez en la ley 1437 de 2011. --
_tCapítulo V: Valor vinculante de las sentencias de unificación del consejo de estado. --
_tCapítulo VI: medidas cautelares en el proceso contencioso administrativo. --
_tCapítulo VII: Conflictos contractuales de operadores de servicios públicos en la ley 1437 de 2011. --
_tCapítulo VIII: El impacto del código general del proceso en la jurisdicción contenciosa administrativa. --
526 _5Unicoc
546 _aEspañol
650 0 _9554
_aDerecho administrativo
_xLegislación
_zColombia
650 0 _95410
_aLey 1437 de 2011
650 0 _9553
_aDerecho procesal.
650 0 _9549
_aProcedimiento administrativo
658 0 _98008
_aPrograma de Derecho
856 _yAcceso online exclusivo para comunidad Unicoc.
_uhttps://unicoceduco-my.sharepoint.com/:b:/g/personal/direccionbiblioteca_unicoc_edu_co/IQA-7LmtZUirRYzhf5pBMEjVAXiIIfFFhYQsWPsNT9sdKaE
942 _2ddc
_cEBOOK
999 _c10842
_d10842